000
00302nam a22001337a 4500
008
181015b xxu||||| |||| 00| 0 eng d
020
_a
0805393153
041
_a
eng
080
_2
2nd
_a
579
100
_a
11
101
_a
MIK
245
_a
Microbiology An Introduction
_c
Tortora,G.J
942
_2
udc
_c
BK
999
_c
49700
_d
49700